[Event "Uljanovsk Povolje op"]
[Site "Uljanovsk"]
[Date "2015.09.20"]
[Round "6"]
[White "Triapkin, Pavel"]
[Black "Logunova, Elizaveta"]
[Result "1-0"]
[WhiteElo "2306"]
[BlackElo "1704"]
[PlyCount "95"]
[EventDate "2015.09.12"]
[EventType "swiss"]
[EventRounds "9"]
[EventCountry "RUS"]
[SourceTitle "EXT 2016"]
[Source "ChessBase"]
[SourceDate "2015.10.08"]
[SourceVersion "1"]
[SourceVersionDate "2015.10.08"]
[SourceQuality "1"]

1. e4 c6 2. d4 d5 3. Nc3 dxe4 4. Nxe4 Bf5 5. Ng5 e6 6. N1f3 Nf6 7. Ne5 Bg6 8. c3 Nbd7 9. Nxg6 hxg6 10. Bd3 Bd6 11. Qf3 Qe7 12. Bd2 0-0-0 13. 0-0-0 Rhe8 14. Rhe1 Qf8 15. Bc4 Nb6 16. Bb3 Nbd5 17. c4 Nc7 18. c5 Be7 19. Ba5 Bxc5 20. Nxf7 Qxf7 21. dxc5 Rxd1+ 22. Rxd1 Ncd5 23. Bc2 Rh8 24. h3 Qe7 25. Qa3 Nd7 26. Bd2 Qxc5 27. Qxc5 Nxc5 28. Bxg6 Rf8 29. f3 Rf6 30. Bc2 Kc7 31. Bg5 Rf8 32. Rd4 Nd7 33. Rh4 N7f6 34. Bxf6 Nxf6 35. g4 Nd5 36. Be4 Kd6 37. Rh5 Nf4 38. Rh7 Rf7 39. h4 Re7 40. h5 Nh3 41. Kd2 Ng5 42. Rh8 Nxe4+ 43. fxe4 e5 44. g5 Ke6 45. Ke3 Rf7 46. Rg8 a6 47. b4 Ke7 48. g6 1-0

[Event "Uljanovsk Povolje op"]
[Site "Uljanovsk"]
[Date "2013.08.29"]
[Round "9"]
[White "Triapkin, Pavel"]
[Black "Predke, Alexandr"]
[Result "1/2-1/2"]
[WhiteElo "2278"]
[BlackElo "2468"]
[PlyCount "55"]
[EventDate "2013.08.24"]
[EventType "swiss"]
[EventRounds "9"]
[EventCountry "RUS"]
[SourceTitle "CBM 156 Extra"]
[Source "ChessBase"]
[SourceDate "2013.10.22"]
[SourceVersion "1"]
[SourceVersionDate "2013.10.22"]
[SourceQuality "1"]

1. e4 e5 2. Bc4 Nc6 3. Nf3 Bc5 4. 0-0 Nf6 5. Nc3 0-0 6. d3 h6 7. Be3 d6 8. Bxc5 dxc5 9. Nd5 Be6 10. Ne3 Bxc4 11. Nxc4 Re8 12. Ne3 Nd7 13. Nf5 Nf8 14. Qd2 Ne6 15. Qc3 Qf6 16. Qb3 b6 17. Qa4 Ne7 18. N3h4 g6 19. Nxe7+ Rxe7 20. g3 a5 21. Qc6 Rd8 22. Ng2 Qf3 23. Ne1 Qe2 24. f4 Rd6 25. Qa8+ Rd8 26. Qc6 Rd6 27. Qa8+ Rd8 28. Qc6 1/2-1/2

[Event "Uljanovsk Povolje op"]
[Site "Uljanovsk"]
[Date "2010.11.23"]
[Round "7"]
[White "Triapkin, Pavel"]
[Black "Prihodko, Ilja"]
[Result "1/2-1/2"]
[WhiteElo "2346"]
[BlackElo "2042"]
[PlyCount "89"]
[EventDate "2010.11.19"]
[EventType "swiss"]
[EventRounds "9"]
[EventCountry "RUS"]
[SourceTitle "CBM 139 Extra"]
[Source "ChessBase"]
[SourceDate "2011.01.05"]
[SourceVersion "1"]
[SourceVersionDate "2011.01.05"]
[SourceQuality "1"]

1. e4 e5 2. Bc4 Nf6 3. d4 exd4 4. Nf3 Nc6 5. Ng5 Ne5 6. Qxd4 Nxc4 7. Qxc4 d5 8. exd5 Qxd5 9. Qe2+ Be7 10. 0-0 Bg4 11. f3 Bf5 12. Nc3 Qc5+ 13. Be3 Qc6 14. Bd4 h6 15. Rfe1 0-0 16. Qxe7 hxg5 17. Qe3 Rad8 18. Ne4 Bxe4 19. fxe4 Ng4 20. Qxg5 Rxd4 21. Qxg4 Re8 22. Rad1 Rexe4 23. Rxe4 Rxe4 24. Rd8+ Re8 25. Qd4 Rxd8 26. Qxd8+ Kh7 27. Qd3+ Kg8 28. b3 Qf6 29. g3 g6 30. a4 a6 31. Qe4 b5 32. axb5 axb5 33. Kg2 Qc3 34. h4 c5 35. Qd3 Qxd3 36. cxd3 f5 37. g4 fxg4 38. Kg3 Kg7 39. Kxg4 Kh6 40. Kf4 Kh5 41. Kg3 g5 42. hxg5 Kxg5 43. Kf3 Kf5 44. Ke3 Ke5 45. b4 1/2-1/2

[Event "Uljanovsk op"]
[Site "Uljanovsk"]
[Date "2010.01.10"]
[Round "9"]
[White "Triapkin, Pavel"]
[Black "Olisov, Andrey"]
[Result "1-0"]
[WhiteElo "2359"]
[BlackElo "2150"]
[PlyCount "115"]
[EventDate "2010.01.04"]
[EventType "swiss"]
[EventRounds "9"]
[EventCountry "RUS"]
[SourceTitle "CBM 134 Extra"]
[Source "ChessBase"]
[SourceDate "2010.03.03"]
[SourceVersion "1"]
[SourceVersionDate "2010.03.03"]
[SourceQuality "1"]

1. e4 e6 2. d4 d5 3. exd5 exd5 4. Bd3 Nc6 5. c3 Bd6 6. Qf3 Be6 7. Ne2 Qf6 8. Nf4 0-0-0 9. Be3 Re8 10. 0-0 h6 11. Nd2 Nge7 12. b4 g5 13. Nxe6 Qxf3 14. Nxf3 fxe6 15. b5 Nd8 16. h4 Nf7 17. hxg5 hxg5 18. Bxg5 Nxg5 19. Nxg5 Reg8 20. Nf3 Rh3 21. Be2 Nf5 22. Rfd1 Bf4 23. Rd3 Rh7 24. Rad1 Rgh8 25. g3 Rg7 26. Ne5 Kd8 27. Ng4 Bg5 28. Kg2 Rgh7 29. Bf3 Nd6 30. Re1 Re8 31. a4 c6 32. bxc6 bxc6 33. Ne5 Kc7 34. Rb1 Bf6 35. Ng4 Bg5 36. Rdd1 Nc4 37. Be2 Nd6 38. Bd3 Rg7 39. f3 Rf8 40. Rb2 Rgf7 41. Ne5 Rg7 42. Rh1 Rfg8 43. Rh7 Rxh7 44. Bxh7 Rg7 45. Bd3 Rg8 46. a5 Bc1 47. Rb3 Bf4 48. Ng6 Bg5 49. a6 Bf6 50. f4 Bd8 51. Kf3 Bf6 52. g4 Rg7 53. g5 Bd8 54. Nf8 Re7 55. g6 Nc8 56. Rb7+ Kd6 57. Rb8 Kc7 58. Ra8 1-0

[Event "Uljanovsk op"]
[Site "Uljanovsk"]
[Date "2010.01.06"]
[Round "5"]
[White "Triapkin, Pavel"]
[Black "Lavrov, Vasily"]
[Result "1-0"]
[WhiteElo "2359"]
[BlackElo "1975"]
[PlyCount "73"]
[EventDate "2010.01.04"]
[EventType "swiss"]
[EventRounds "9"]
[EventCountry "RUS"]
[SourceTitle "CBM 134 Extra"]
[Source "ChessBase"]
[SourceDate "2010.03.03"]
[SourceVersion "1"]
[SourceVersionDate "2010.03.03"]
[SourceQuality "1"]

1. e4 d6 2. d4 e5 3. Nf3 Nc6 4. Nc3 Nf6 5. dxe5 Nxe5 6. h3 Be7 7. Bf4 Ng6 8. Bh2 0-0 9. Bc4 h6 10. Bb3 Re8 11. 0-0 Bf8 12. Re1 Bd7 13. Nd4 Qc8 14. Re3 Ne5 15. Nf3 Ng6 16. Qe2 Ne5 17. Kh1 a6 18. a4 c6 19. Nd2 b5 20. f4 Ng6 21. e5 b4 22. exf6 bxc3 23. bxc3 Rxe3 24. Qxe3 d5 25. c4 d4 26. Qxd4 c5 27. Qf2 gxf6 28. Ne4 Qc6 29. Nc3 Bxh3 30. f5 Qxg2+ 31. Qxg2 Bxg2+ 32. Kxg2 Nh4+ 33. Kf2 Nxf5 34. Nd5 Bg7 35. c3 h5 36. Rg1 Kh7 37. Bc2 1-0

[Event "Uljanovsk Volga Region-ch"]
[Site "Uljanovsk"]
[Date "2008.12.11"]
[Round "9"]
[White "Triapkin, Pavel"]
[Black "Shamshetdinov, Rjastam"]
[Result "1-0"]
[WhiteElo "2365"]
[BlackElo "2124"]
[PlyCount "51"]
[EventDate "2008.12.05"]
[EventType "tourn"]
[EventRounds "11"]
[EventCountry "RUS"]
[SourceTitle "EXT 2022"]
[Source "ChessBase"]
[SourceDate "2021.10.06"]
[SourceVersion "1"]
[SourceVersionDate "2021.10.06"]
[SourceQuality "1"]

1. e4 g6 2. d4 Bg7 3. Nc3 d6 4. Be3 Nf6 5. f3 0-0 6. Qd2 e5 7. Nge2 Nc6 8. d5 Ne7 9. 0-0-0 Ne8 10. g4 f5 11. gxf5 gxf5 12. f4 Nf6 13. Bh3 fxe4 14. fxe5 dxe5 15. Bxc8 Qxc8 16. Bh6 Qh3 17. Rhg1 Ng6 18. Bxg7 Kxg7 19. Ng3 Kh8 20. Ngxe4 Nxe4 21. Nxe4 Qh4 22. Qg2 Rf4 23. Rde1 Rd8 24. Re3 Rxd5 25. Rh3 Qe7 26. Qxg6 1-0

[Event "Uljanovsk Volga Region-ch"]
[Site "Uljanovsk"]
[Date "2008.12.08"]
[Round "6"]
[White "Trushnikov, Viacheslav"]
[Black "Triapkin, Pavel"]
[Result "0-1"]
[WhiteElo "1981"]
[BlackElo "2365"]
[PlyCount "52"]
[EventDate "2008.12.05"]
[EventType "tourn"]
[EventRounds "11"]
[EventCountry "RUS"]
[SourceTitle "EXT 2022"]
[Source "ChessBase"]
[SourceDate "2021.10.06"]
[SourceVersion "1"]
[SourceVersionDate "2021.10.06"]
[SourceQuality "1"]

1. Nf3 d5 2. b3 c5 3. Bb2 Nc6 4. e3 Bg4 5. h3 Bh5 6. Be2 Qc7 7. d3 e5 8. Nbd2 Nge7 9. e4 f6 10. Nh4 Bf7 11. Bh5 g6 12. Be2 g5 13. Nhf3 d4 14. Nf1 0-0-0 15. Ng3 Kb8 16. Nh2 Ng6 17. Bh5 Nf4 18. Bxf7 Qxf7 19. Rg1 h5 20. Nf5 Ne7 21. Nxe7 Qxe7 22. Nf1 c4 23. Bc1 cxd3 24. Bxf4 dxc2 25. Bxe5+ Qxe5 26. Qd3 Ba3 0-1

[Event "Uljanovsk Volga Region-ch"]
[Site "Uljanovsk"]
[Date "2008.12.06"]
[Round "3"]
[White "Triapkin, Pavel"]
[Black "Lukianov, Alexander"]
[Result "1-0"]
[WhiteElo "2365"]
[BlackElo "1899"]
[PlyCount "77"]
[EventDate "2008.12.05"]
[EventType "tourn"]
[EventRounds "11"]
[EventCountry "RUS"]
[SourceTitle "EXT 2022"]
[Source "ChessBase"]
[SourceDate "2021.10.06"]
[SourceVersion "1"]
[SourceVersionDate "2021.10.06"]
[SourceQuality "1"]

1. e4 c6 2. d4 d5 3. Nc3 dxe4 4. Nxe4 Bf5 5. Ng3 Bg6 6. h4 h6 7. Nf3 Nd7 8. h5 Bh7 9. Bd3 Bxd3 10. Qxd3 Qc7 11. Bd2 Ngf6 12. 0-0-0 0-0-0 13. Kb1 e6 14. Ne2 Bd6 15. c4 c5 16. Nc3 a6 17. d5 e5 18. Be3 Rhe8 19. Nd2 Re7 20. f3 Rde8 21. Bf2 Kb8 22. Bh4 Rc8 23. g4 Ree8 24. Rhe1 e4 25. Ncxe4 Nxe4 26. Nxe4 Be5 27. Bf2 Qb6 28. Qb3 Qc7 29. Be3 Ka8 30. a3 Rb8 31. Nc3 b6 32. Qa4 Kb7 33. Ne4 Nf6 34. Nxf6 gxf6 35. Bxh6 Rh8 36. Bc1 Rbc8 37. Re2 Bg3 38. f4 f5 39. d6 1-0

[Event "Uljanovsk Elo"]
[Site "Uljanovsk"]
[Date "2007.12.14"]
[Round "11"]
[White "Triapkin, Pavel"]
[Black "Saveliev, Dmitri"]
[Result "1/2-1/2"]
[WhiteElo "2346"]
[BlackElo "2132"]
[PlyCount "93"]
[EventDate "2007.12.07"]
[EventType "tourn"]
[EventRounds "11"]
[EventCountry "RUS"]
[EventCategory "1"]
[SourceTitle "CBM 122 Extra"]
[Source "ChessBase"]
[SourceDate "2008.03.04"]
[SourceVersion "1"]
[SourceVersionDate "2008.03.04"]
[SourceQuality "1"]

1. e4 d6 2. d4 Nf6 3. Nc3 g6 4. Be2 a6 5. g4 h5 6. g5 Nfd7 7. f4 b5 8. Be3 Bb7 9. d5 c5 10. dxc6 Nxc6 11. Nf3 b4 12. Nb1 Bg7 13. c3 Qa5 14. Nbd2 bxc3 15. bxc3 Qxc3 16. Kf2 Qxa1 17. Qxa1 Bxa1 18. Rxa1 0-0 19. Bc4 Na5 20. Bd3 Rfc8 21. f5 Ne5 22. Nxe5 dxe5 23. fxg6 fxg6 24. Bb6 Rf8+ 25. Ke3 Nc6 26. Bc4+ Kh7 27. Rb1 Bc8 28. a4 Nd4 29. Bc5 Be6 30. Bxe7 Bxc4 31. Nxc4 Rf3+ 32. Kd2 Rc8 33. Ne3 Rf2+ 34. Kd3 Ne6 35. Nd5 Nf4+ 36. Nxf4 exf4 37. Bf6 Rfc2 38. Be5 f3 39. Rb7+ Kg8 40. Rg7+ Kf8 41. Rxg6 f2 42. Rf6+ Ke7 43. Bd6+ Kd7 44. e5 R8c3+ 45. Kd4 Rb3 46. g6 Rb1 47. g7 1/2-1/2

[Event "Uljanovsk Elo"]
[Site "Uljanovsk"]
[Date "2007.12.13"]
[Round "9"]
[White "Triapkin, Pavel"]
[Black "Shamshetdinov, Rjastam"]
[Result "1-0"]
[WhiteElo "2346"]
[BlackElo "2143"]
[PlyCount "49"]
[EventDate "2007.12.07"]
[EventType "tourn"]
[EventRounds "11"]
[EventCountry "RUS"]
[EventCategory "1"]
[SourceTitle "CBM 122 Extra"]
[Source "ChessBase"]
[SourceDate "2008.03.04"]
[SourceVersion "1"]
[SourceVersionDate "2008.03.04"]
[SourceQuality "1"]

1. e4 d5 2. exd5 Nf6 3. d4 Nxd5 4. Nf3 g6 5. g3 Bg7 6. Bg2 0-0 7. 0-0 Nb6 8. c3 Na6 9. Re1 h6 10. Qe2 Re8 11. Rd1 c6 12. Nbd2 Nc7 13. Ne5 Ncd5 14. Ndf3 g5 15. c4 Nf6 16. Bxg5 hxg5 17. Nxg5 Rf8 18. Be4 Nxe4 19. Qxe4 f5 20. Qh4 Rf6 21. Qh7+ Kf8 22. Ng6+ Rxg6 23. Qxg6 Kg8 24. d5 cxd5 25. Rd4 1-0

[Event "Uljanovsk Bagirov Memorial"]
[Site "Uljanovsk"]
[Date "2007.08.18"]
[Round "3"]
[White "Triapkin, Pavel"]
[Black "Kolosov, Anatoly G"]
[Result "1-0"]
[WhiteElo "2324"]
[BlackElo "1973"]
[PlyCount "79"]
[EventDate "2007.08.12"]
[EventType "swiss"]
[EventRounds "9"]
[EventCountry "RUS"]
[SourceTitle "EXT 2009"]
[Source "ChessBase"]
[SourceDate "2008.11.26"]
[SourceVersion "1"]
[SourceVersionDate "2008.11.26"]
[SourceQuality "1"]

1. e4 Nf6 2. e5 Nd5 3. c4 Nb6 4. a4 a5 5. c5 Nd5 6. Nc3 Nb4 7. Nf3 d5 8. d3 Bg4 9. Be2 e6 10. Bg5 Be7 11. Bxe7 Qxe7 12. Nb5 0-0 13. 0-0 N8c6 14. d4 Bf5 15. Rc1 Na2 16. Ra1 Nab4 17. Ne1 Rac8 18. g4 Bg6 19. f4 f6 20. f5 Bf7 21. exf6 gxf6 22. fxe6 Qxe6 23. Ra3 Bg6 24. Ng2 Kg7 25. Nf4 Qe4 26. Nxg6 hxg6 27. Bf3 Qc2 28. Qxc2 Nxc2 29. Rd3 N2b4 30. Re3 Nc2 31. Rd3 N2b4 32. Rd2 Rfe8 33. Kf2 Re7 34. Nc3 Rd8 35. h4 Nb8 36. Nb5 Rde8 37. h5 Re3 38. Nxc7 R8e7 39. Nb5 g5 40. Nd6 1-0